LEADER 01313nam a2200301 i 4500 001 000000222430 003 CaOOAMICUS 005 20130913000000.0 008 130913s2010 it u000 u ita u 013 $a201327 020 $a978-88-422-1923-1 040 $aSeMil$bita 245 13$aLa Casina di Pio 4. in Vaticano /$ca cura di Daria Borghese ; testi di Marcello Fagiolo ... [et al.]. 260 $aTorino ; Londra ; Venezia ; New York :$bUmberto Allemandi & C.,$c2010. 300 $a242 p. :$bill. ;$c34 cm. 490 0 $aArchivi di arte antica 500 $aFondo card. C. M. Martini. 600 04$aPio IV .$0(OLS)http://semarc/subject/15555 700 1 $aFagiolo, Marcello.$0(OLS)http://semarc/name/5808 700 1 $aBorghese, Daria.$0(OLS)http://semarc/name/77714 830 0$aArchivi di arte antica.$0(OLS)http://semarc/title/25284 850 $aSeMil 852 $aSeMil$W1$xVenegono$y1$m5F XI 23$j172776$B172776$CSeMilBibl$Z2$F185735 $81 941 1 $a4 961 $aLascito: Martini Card. Carlo Maria 996 $6020$a978-88-422-1923-1$9(OLS)http://semarc/number/222014 996 $6245$aLa Casina di Pio 4. in Vaticano$9(OLS)http://semarc/title/318808 996 $6260$aTorino ; Londra ; Venezia ; New York :$bUmberto Allemandi & C.$9(OLS)http://semarc/publisher/35051 LEADER 01274nam a2200253 i 4500 001 000000046283 003 CaOOAMICUS 005 20090908000000.0 008 090908s1980 it u000 u ita u 013 $a17453 040 $aSeMil$bita 110 2 $aConferenza Episcopale Italiana.$0(OLS)http://semarc/name/95789 245 10$aAtti della 17. Assemblea Generale :$bRoma, 26-30 maggio 1980 /$cConferenza Episcopale Italiana. 250 $aEd. riservata ai Vescovi. 260 $a[S.l. :$bs.n.],$c[1980?]$e(Roma :$fArti Grafiche Tris ,$g[1980?]) 300 $a406 p. ;$c22 cm. 650 4$aConferenza Episcopale Italiana.$0(OLS)http://semarc/subject/657 711 2 $aConferenza Episcopale Italiana : Assemblea Generale <17 ; 1980 ; Roma>.$0(OLS)http://semarc/name/23001 773 0 $aConferenza Episcopale Italiana$tAtti delle Assemblee generali della CEI.$dMilano : Àncora, 1966-$k[Atti delle Assemblee generali della CEI]$g17$w()28764 850 $aSeMil 852 $aSeMil$W1$xVenegono$y1$m2BA B 17$j255980$B12438$CSeMilBibl$Z2$F12438 $81 961 $aOmaggio: Citterio Ecc. Bernardo 996 $6245$aAtti della 17. Assemblea Generale :$bRoma, 26-30 maggio 1980$9(OLS)http://semarc/title/69135 996 $6260$a[S.l. :$bs.n.]$9(OLS)http://semarc/publisher/29751